00661nam a2200181Ia 4500008004100000040001800041041000800059245008500067260005600152300001800208650004400226650002300270650003400293650003200327650004200359650003800401710004000439130821s1985 ck gr spa  aCo-BoUCMbspa00aspa03aLa Ley de 1983 fiscos de las entidades territorialescCamara de Representantes. aBogotá (Colombia)bCamara de Representantesc1985 a206 páginas04aDerecho fiscalxLegislaciónzColombia04aDerecho tributario04aImpuestos de timbrezColombia04aImpuestos localeszColombia04aImpuestos sobre vehículoszColombia04aImpuestos territorialeszColombia aColombia.bCamara de Representantes